000
00311nam a22001457a 4500
999
_c
54934
_d
54934
008
190926b ||||| |||| 00| 0 eng d
020
_a
9789951541015
041
_a
eng
080
_a
330
082
_a
330
100
_a
61
101
_a
K F
245
_a
P5 Raportimi Financiar
_c
SHKÇAK
942
_2
udc
_c
BK